| 000 | 00362nam a2200133Ia 4500 | ||
|---|---|---|---|
| 008 | 240624s9999 xx 000 0 und d | ||
| 041 | _aeng | ||
| 082 | _a338.0954 GUP | ||
| 100 | _aGUPTA M L | ||
| 245 | _aINDIAN BUSINESS STRATEGIES FOR COMPETITI | ||
| 260 |
_c1999 _aNew Delhi _bAll India Management Association |
||
| 300 | _aviii, : 152 : cm. ; 21 | ||
| 365 | _cRS | ||
| 999 |
_c2458 _d2458 |
||